000 01279nam a2200313 4500
001 0000017476
003 CO-CtgCURN
005 20250513232558.0
007 ta
008 160627s1999 000 0 eng d
020 _a9586760847
040 _aCO-CtgCURN
_bspa
_ccoctgcurn
082 0 _a346.015
_bQ84m5
100 1 _aQuiroz Monsalvo, Aroldo.
245 1 0 _aManual de familia :
_bmatrimonio (civil y religioso) y union marital de hecho /
_cAroldo Quiroz Monsalvo.
260 _aBogotá :
_bDoctrina y Ley,
_c1999.
300 _a452 p V. 5.
336 _2rdacontent
337 _2rdamedia
_asin mediacion
_bn
338 _2rdacarrier
_avolumen
_bnc
500 _aIncluye indice.
504 _aBibliografia (p. 445-449)
505 8 _aDerecho de familia preconstitucional.--Derecho de familia constitucional.--Derecho de familia posconstitucional.--La familia en la constitucion de 1991.--Definicion de familia.--La familia.--El parentesco.--Filiacion.--Derecho matrimonial.--Los esposos
650 1 4 _aDerecho de familia
_vLegislacion
_zAmerica Latina.
908 _a160627
942 _cBK
_h346.015
_iQ84m5
_2ddc
_n0
999 _c20052
_d20052